| 000 | 00847 am a2200289 4500 | ||
|---|---|---|---|
| 999 |
_c200425987 _d43911 |
||
| 003 | TR-AnTOB | ||
| 005 | 20190322123538.0 | ||
| 008 | 020315s1986 tu 00110 tur N | ||
| 040 |
_aTR-AnTOB _beng _cTR-AnTOB _dTR-AnTOB _erda |
||
| 041 | _atur | ||
| 050 | 0 | 0 |
_aP306 _bG66 1986 |
| 090 |
_aP306 _bG66 1986 |
||
| 100 | 1 | 0 | _aGöktürk, Akşit |
| 245 | 1 | 0 |
_aÇeviri dillerin dili / _cAkşit Göktürk. |
| 264 |
_aİstanbul : _bÇağdaş yayınları, _c1986. |
||
| 300 |
_a149 pages ; _c18 cm. |
||
| 336 |
_2rdacontent _atext |
||
| 337 |
_2rdamedia _aunmediated |
||
| 338 |
_2rdacarrier _avolume |
||
| 500 | _aDizin: s. 147-149. | ||
| 504 | _aKaynakça: s. 135-140. | ||
| 590 | _aDonated by Nermin Çaker. | ||
| 650 | _aTranslating and interpreting. | ||
| 650 | _aÇeviri ve yorumlama. | ||
| 942 |
_2lcc _cBK |
||